Every city in Sudan - Statistics

General Stats
  • This quiz has been taken 70 times
  • The average score is 14 of 62
Answer Stats
City Population % Correct
A Al-Khartum 1,410,858
93%
U Umm Durman 1,849,659
86%
B Bur Sudan 394,561
76%
N Nyala 492,984
69%
A Al-Fashir 217,827
66%
A Al-Khartum Bahri 1,012,211
66%
K Kas 55,255
62%
K Kassala 298,529
59%
A Al-Ubayyid 345,126
52%
A Ad-Damazin 136,788
48%
A Al-Junaynah 134,264
48%
S Sannar 123,158
48%
D Dunqula 56,167
45%
K Kotum 34,694
45%
K Kaduqli 67,095
41%
T Tawkar 37,051
41%
T Tulus 41,807
41%
W Wad Madani 289,482
41%
B Buram 65,473
38%
Z Zalingay 35,061
38%
A Al-Qadarif 269,395
34%
A Ad-Damir 73,654
31%
A Al-Fulah 26,020
31%
K Kusti 213,080
31%
R Rabak 123,890
31%
A Ad-Dillinj 59,089
28%
A Ad-Duyan 137,103
24%
A Atbarah 112,021
24%
S Sawakin 42,456
17%
A Al-Mujlad 40,418
7%
B Barbar 26,203
7%
B Babanusah 32,759
3%
S Shandi 63,746
3%
S Sinjah 56,058
3%
A Abu Jubayhah 47,188
0%
A Abu Zabad 23,317
0%
A Ad-Dindar 25,567
0%
A Ad-Duwaym 73,622
0%
A Al-Faw 30,629
0%
A Al-Husayhisa 47,408
0%
A Al-Huwattah 30,184
0%
A Al-Jazirah Aba 21,683
0%
A Al-Manaqil 99,775
0%
A Al-Qutaynah 26,893
0%
A An-Nuhud 66,184
0%
A Ardamata 55,637
0%
A Ar-Rahad 36,518
0%
A Ar-Rusayris 58,712
0%
A As-Suki 23,509
0%
G Ghubaysh 22,733
0%
H Halfa al-Jadidah 63,589
0%
J Jubayt 30,856
0%
K Kabkabiyah 42,376
0%
K Khashim al-Qirbah 42,900
0%
M Mellit 50,165
0%
R Rahad al-Bardi 24,768
0%
R Rufaah 28,374
0%
S Shiariah 48,966
0%
S Sinkat 35,617
0%
T Tandalti 31,329
0%
U Umm Shukah 20,302
0%
U Unm Ruwabah 56,833
0%
No matching quizzes found
Score Distribution
Percent of People with Each Score
Percentile by Number Answered
Your Score History
You have not taken this quiz